000 00300nam a22001337a 4500
008 170208b xxu||||| |||| 00| 0 eng d
020 _a9780135153895
041 _aeng
080 _23RD
_a61
100 _a3
101 _aSHM
245 _aPROFESIONALISM IN HEALTH CARE
_cMAKELY, SH
942 _2udc
_cBK
999 _c4859
_d4859